Персонажи телесериала «Друзья» - Statistics

General Stats
  • This quiz has been taken 4 times
  • The average score is 3 of 6
Answer Stats
Персонаж % Correct
Фиби Буффе
75%
Моника Геллер
50%
Росс Геллер
50%
Рэйчел Грин
25%
Джоуи Триббиани
25%
Чендлер Бинг
25%
No matching quizzes found
Score Distribution
Percent of People with Each Score
Percentile by Number Answered
Your Score History
You have not taken this quiz